| 000 | 01082 a2200205 4500 | ||
|---|---|---|---|
| 003 | Nust | ||
| 005 | 20230124103041.0 | ||
| 010 | _a 94002513 | ||
| 020 | _a0201568608 | ||
| 040 | _cNust | ||
| 082 | 0 | 0 | _a384.340973,BLU |
| 100 | 1 |
_aBlum, Daniel J. _9107517 |
|
| 245 | 1 | 4 |
_aThe e-mail frontier : _bemerging markets and evolving technologies / _cDaniel J. Blum, David M. Litwack. |
| 260 |
_aReading, Mass. : _bAddison-Wesley Pub. Co., _cc1995 |
||
| 300 |
_axx, 476 p. : _bill. ; _c23 cm. |
||
| 505 | _aThe Email Frontier (Page-1), The messaging and Directory Overview (Page-15), The Private Messaging Marketplace (Page-49), The public messaging Marketplace (Page-87), Email Technology (Page-143), The X-400 Standers (Page-197), Internet Mail (Page-245), Email and Directories (Page-287), Electronic Commerce and Massage (Page-335), The Email Vision (Page-381), Email Standers, Bodies and Consortia (Page-415), Bibliography Ref (Page-439). | ||
| 650 | 0 |
_aElectronic mail systems _zUnited States. _9107518 |
|
| 700 | 1 |
_aLitwack, David M. _9107519 |
|
| 942 |
_cREF _2ddc _k384.340973,BLU |
||
| 999 |
_c175201 _d175201 |
||